000 00516 a2200169 4500
999 _c52
_d52
008 210413b ||||| |||| 00| 0 eng d
020 _a9789353160500
082 0 0 _a658.5
_bR2151
100 _aRao, P. N.
245 _aManufacturing technology, Vol-1 /
_cby P. N. Rao.
250 _a5th ed.
260 _aNew Delhi:
_bMcGraw Hill Education (India) Pvt. Ltd.,
_c2019.
300 _axxiii, I.4 p.
505 0 _aFoundry, Forming and Welding
650 0 _aManufacturing Technology
_xManufacturing Process
942 _2ddc
_cBK